000 00400nam a2200181Ia 4500
001 19277
005 20260306171732.0
008 260306s9999||||xx |||||||||||||| ||und||
041 _aESP
082 _a658.83
_bA11
100 _aAaker, David A.
_eAUT
245 0 _aInvestigación de mercados
260 _c1989
300 _a
_c
650 _aGEN
654 _aCAN
942 _cLIB
_dJUS
_fJUS
_2ddc
_n
999 _c19277
_d19277